Engineering in emergencies : (Record no. 5645)

MARC details
000 -LEADER
fixed length control field 01142nac a22002891u 4500
010 ## - LIBRARY OF CONGRESS CONTROL NUMBER
LC control number 2002318891
020 ## - INTERNATIONAL STANDARD BOOK NUMBER
International Standard Book Number 1853395455
035 ## - SYSTEM CONTROL NUMBER
System control number (OCoLC)ocm48783191
082 ## - DEWEY DECIMAL CLASSIFICATION NUMBER
Classification number 628
Item number DAV
090 ## - LOCALLY ASSIGNED LC-TYPE CALL NUMBER (OCLC); LOCAL CALL NUMBER (OCLC)
-- 5645
-- 5645
100 ## - MAIN ENTRY--PERSONAL NAME
Personal name Davis, Jan.
245 10 - TITLE STATEMENT
Title Engineering in emergencies :
Remainder of title a practical guide for relief workers /
Statement of responsibility, etc Jan Davis and Robert Lambert.
250 ## - EDITION STATEMENT
Edition statement 2nd ed.
260 ## - PUBLICATION, DISTRIBUTION, ETC. (IMPRINT)
Place of publication, distribution, etc London :
Name of publisher, distributor, etc ITDG,c.2002.
Date of publication, distribution, etc c.2002.
300 ## - PHYSICAL DESCRIPTION
Extent 736 p. :
Other physical details ill. ;
Dimensions 24 cm. +
Accompanying material 1 CD-ROM (4 3/4 in.)
500 ## - GENERAL NOTE
General note Previous ed: 1995.
500 ## - GENERAL NOTE
General note Distributer : Al-Ahram.
504 ## - BIBLIOGRAPHY, ETC. NOTE
Bibliography, etc Includes bibliographical references (p. 698-704) and index.
511 ## - PARTICIPANT OR PERFORMER NOTE
Participant or performer note Catalogued By : Mahitab.
650 #0 - SUBJECT ADDED ENTRY--TOPICAL TERM
Topical term or geographic name as entry element Disaster relief
Form subdivision Handbooks, manuals, etc.
650 #0 - SUBJECT ADDED ENTRY--TOPICAL TERM
Topical term or geographic name as entry element Environmental engineering
Form subdivision Handbooks, manuals, etc.
650 #0 - SUBJECT ADDED ENTRY--TOPICAL TERM
Topical term or geographic name as entry element Sanitation engineering
Form subdivision Handbooks, manuals, etc.
650 #0 - SUBJECT ADDED ENTRY--TOPICAL TERM
Topical term or geographic name as entry element Water-supply engineering
Form subdivision Handbooks, manuals, etc.
700 1# - ADDED ENTRY--PERSONAL NAME
Personal name Lambert, Robert,
Dates associated with a name 1958-
942 ## - ADDED ENTRY ELEMENTS (KOHA)
Item type Book - Borrowing
Call number prefix 628 DAV
Holdings
Withdrawn status Item status Damaged status Not for loan Home library Current library Shelving location Date acquired Source of acquisition Total Checkouts Total Renewals Full call number Barcode Date last seen Date last borrowed Koha item type
        Central Library Central Library First floor 01/11/2007 Purchase 1 2 628 DAV 000007039 15/07/2025 22/04/2010 Book - Borrowing